| 000 | 00765nam a2200229Ia 4500 | ||
|---|---|---|---|
| 005 | 20220827103421.0 | ||
| 008 | 210716s2011 xx 000 0 und d | ||
| 020 | _a9788173195501 | ||
| 040 | _cAIMIT LIBRARY | ||
| 041 | _aeng | ||
| 082 |
_a005.304 _21 _bGODN |
||
| 100 |
_aGodbole, Nina S. _955728 |
||
| 245 |
_aSoftware quality assurance : _bprinciples and practice / _cBy Nina S Godbole. |
||
| 250 | _a1st ed. | ||
| 260 |
_aNew Delhi : _bNarosa Publishing House , _c2011. |
||
| 300 |
_axvi,419 p. ; _c25 cm. |
||
| 650 |
_aPlanning for software quality assurance _955729 |
||
| 650 |
_aProduct quality and process quality _955730 |
||
| 650 |
_aWalkthroughs and inspections _955731 |
||
| 650 |
_aSoftware testing _955732 |
||
| 942 |
_2ddc _cBK _e1st _k005.304 GODN |
||
| 999 |
_c192195 _d192195 |
||